| 000 | 01788cas a2200385 i 4500 | ||
|---|---|---|---|
| 001 | 19713393 | ||
| 003 | ARRUPE | ||
| 005 | 20210702094607.0 | ||
| 008 | 170615c201u9999enkuu | a0eng | ||
| 010 | _a 2017206532 | ||
| 020 | _a9781509738052 | ||
| 035 | _a(OCoLC)ocn999821151 | ||
| 040 |
_aDLC _beng _erda _cDLC _dDLC _dOCLCF |
||
| 042 | _apcc | ||
| 050 | 0 | 0 |
_aHF5661 _b.A26235 2021 F7 |
| 245 | 0 | 0 |
_aACCA. _pFinancial reporting(FR) Practice and Revision kit _bfor exams in September 2021, December 2021, March 2022 and June 2022 |
| 246 | 1 |
_aACCA. _nPaper F7, _pFinancial reporting. _pStudy text for examinations to ... |
|
| 246 | 1 |
_aFinancial reporting. _pPractice and revision kit |
|
| 260 |
_aLondon _bBPP _c2021 |
||
| 300 |
_axxii, 380p. _c30cm |
||
| 500 | _aInclude Ebook | ||
| 610 | 2 | 0 |
_aAssociation of Chartered Certified Accountants (Great Britain) _xExaminations _vStudy guides. _950159 |
| 610 | 2 | 7 |
_aAssociation of Chartered Certified Accountants (Great Britain) _2fast _950160 |
| 650 | 0 |
_aAccounting _xExaminations _vStudy guides. _950161 |
|
| 650 | 0 |
_aAccountants _xCertification _xExaminations _vStudy guides. _950162 |
|
| 650 | 7 |
_aAccounting _xExaminations. _2fast _950163 |
|
| 650 | 7 |
_aExaminations. _2fast _950164 |
|
| 655 | 7 |
_aStudy guides. _2fast _950165 |
|
| 710 | 2 |
_aAssociation of Chartered Certified Accountants (Great Britain), _eissuing body. _950160 |
|
| 780 | 0 | 0 |
_tACCA. Financial reporting F7 study system _w(DLC) 2017206533 _w(OCoLC)999822107 |
| 906 |
_a7 _bcbc _cserorig _d2 _encip _f20 _gn-oclcserc |
||
| 942 |
_2lcc _cMONOGRAPH |
||
| 999 |
_c130621 _d130621 |
||